[Event "Online Olym Top DivC 2021"]
[Site "chess.com INT"]
[Date "2021.09.11"]
[Round "8.3"]
[Board "6"]
[White "Muetsch, Annmarie"]
[Black "Francisco Guecamburu, Candela Be"]
[Result "1-0"]
[WhiteTitle "WIM"]
[BlackTitle "WFM"]
[WhiteElo "2259"]
[BlackElo "2034"]
[WhiteTeam "Germany"]
[BlackTeam "Argentina"]
[WhiteFideId "12971367"]
[BlackFideId "160911"]
[EventDate "2021.09.09"]
[EventType "team"]

1. e4 c5 2. Nc3 g6 3. d4 cxd4 4. Qxd4 Nf6 5. Be3 Nc6 6. Qd2 d6 7. f3 Be6 8. Nge2
Bc4 9. O-O-O Qa5 10. Kb1 b5 11. Nd4 Ne5 12. Nb3 Qa6 13. f4 Nc6 14. Nd5 Nxd5 15.
exd5 Nd8 16. Qc3 f6 17. Bxc4 bxc4 18. Na5 Rc8 19. Rd4 Bg7 20. Rxc4 Rxc4 21. Nxc4
O-O 22. f5 Nf7 23. Bd4 Rc8 24. b3 Qb7 25. fxg6 hxg6 26. Qd3 Qxd5 27. Ne3 Qh5 28.
g4 Qh6 29. Nd5 Bf8 30. h4 Ne5 31. Qe4 Qh7 32. g5 f5 33. Qe1 Qf7 34. c4 Nf3 35.
Qc3 Nxd4 36. Qxd4 Rc5 37. Qd1 Bg7 38. h5 gxh5 39. g6 Qe6 40. Re1 Be5 41. Qxh5
Kf8 42. Rf1 Rxd5 43. Rxf5+ Ke8 44. g7+ Kd7 45. cxd5 Qxd5 46. Qg4 Qd3+ 47. Kc1
Qc3+ 48. Kd1 Qd3+ 49. Ke1 Bc3+ 50. Kf2 Bd4+ 51. Kg2 Qd2+ 52. Rf2+ 1-0

[Event "Online Olym Top DivC 2021"]
[Site "chess.com INT"]
[Date "2021.09.11"]
[Round "8.4"]
[Board "1"]
[White "Moroni, Luca Jr"]
[Black "Ivanchuk, Vasyl"]
[Result "1-0"]
[WhiteTitle "GM"]
[BlackTitle "GM"]
[WhiteElo "2566"]
[BlackElo "2678"]
[WhiteTeam "Italy"]
[BlackTeam "Ukraine"]
[WhiteFideId "865834"]
[BlackFideId "14100010"]
[EventDate "2021.09.09"]
[EventType "team"]

1. d4 Nf6 2. c4 e6 3. Nc3 Bb4 4. Nf3 Bxc3+ 5. bxc3 d6 6. g3 b6 7. Bg2 Bb7 8. O-O
O-O 9. a4 Nc6 10. Nd2 Na5 11. Bxb7 Nxb7 12. e4 e5 13. f4 Re8 14. Qf3 Qd7 15. f5
Na5 16. d5 h6 17. g4 Nh7 18. h4 f6 19. Qg3 Kf7 20. Nf3 Rh8 21. g5 hxg5 22. hxg5
fxg5 23. Bxg5 Rag8 24. Nh4 Nf6 25. Bxf6 gxf6 26. Ng6 Ke8 27. Ra2 Nxc4 28. Qd3
Na5 29. Qa6 Rh4 30. Rg2 Rxe4 31. Qxa7 Rxa4 32. Rf3 Nb3 33. Qb8+ Qd8 34. Qb7 Nc5
35. Qc6+ Qd7 36. Rh3 Ra1+ 37. Kh2 Kd8 38. Nxe5 Rxg2+ 39. Kxg2 Qg7+ 40. Ng6 Ra2+
41. Kf1 Ra1+ 42. Ke2 Ra2+ 43. Kd1 Ra1+ 44. Kc2 Rg1 45. Rh8+ Qxh8 46. Nxh8 1-0

[Event "Online Olym Top DivC 2021"]
[Site "chess.com INT"]
[Date "2021.09.11"]
[Round "8.4"]
[Board "2"]
[White "Onischuk, Vladimir"]
[Black "Basso, Pier Luigi"]
[Result "1/2-1/2"]
[WhiteTitle "GM"]
[BlackTitle "GM"]
[WhiteElo "2622"]
[BlackElo "2553"]
[WhiteTeam "Ukraine"]
[BlackTeam "Italy"]
[WhiteFideId "14114038"]
[BlackFideId "866970"]
[EventDate "2021.09.09"]
[EventType "team"]

1. Nf3 d5 2. g3 c6 3. Bg2 Bg4 4. O-O e6 5. d3 Bd6 6. Nbd2 Ne7 7. b3 Nd7 8. Bb2
O-O 9. h3 Bh5 10. e4 f6 11. Re1 e5 12. d4 exd4 13. g4 Bf7 14. Nxd4 Nc5 15. exd5
Nxd5 16. Nf5 Nf4 17. Nf1 Nxg2 18. Kxg2 Bc7 19. Re7 Bd5+ 20. f3 Rf7 21. Qe2 Rxe7
22. Nxe7+ Kf7 23. Nxd5 Qxd5 24. Rd1 Qe6 25. Qf2 Bb6 26. Bd4 Rd8 27. Re1 Qd5 28.
Be3 Ne6 29. Bxb6 axb6 30. Qxb6 Nf4+ 31. Kg3 Qd6 32. Kf2 Nxh3+ 33. Kg2 Nf4+ 34.
Kf2 Nh3+ 35. Kg2 Nf4+ 36. Kf2 h5 37. gxh5 Nh3+ 38. Kg2 Nf4+ 39. Kf2 Nh3+ 40. Kg2
Nf4+ 41. Kf2 1/2-1/2

[Event "Online Olym Top DivC 2021"]
[Site "chess.com INT"]
[Date "2021.09.11"]
[Round "8.4"]
[Board "3"]
[White "Brunello, Marina"]
[Black "Osmak, Iulija"]
[Result "0-1"]
[WhiteTitle "IM"]
[BlackTitle "IM"]
[WhiteElo "2354"]
[BlackElo "2428"]
[WhiteTeam "Italy"]
[BlackTeam "Ukraine"]
[WhiteFideId "822590"]
[BlackFideId "14101602"]
[EventDate "2021.09.09"]
[EventType "team"]

1. e4 e6 2. d4 d5 3. e5 c5 4. c3 Nc6 5. Nf3 Qb6 6. Be2 cxd4 7. cxd4 Nh6 8. Bxh6
Qxb2 9. Nbd2 gxh6 10. Nb3 Nb4 11. O-O Qc2 12. Bb5+ Bd7 13. Bxd7+ Kxd7 14. Qe1
Rc8 15. Nfd2 Rg8 16. f4 Qg6 17. Qe2 Qd3 18. Qh5 Qg6 19. Qe2 Qd3 20. Qd1 Nc2 21.
Rf3 Ne3 22. Rxe3 Qxe3+ 23. Kh1 Qf2 24. g3 Bb4 25. Qh5 Rg6 26. Rf1 Qe3 27. f5 Rg7
28. fxe6+ fxe6 29. Nc5+ Bxc5 30. dxc5 Qg5 31. Qe2 Rxc5 32. Nb3 Rc4 33. Na5 Qg4
34. Rf7+ Rxf7 0-1

[Event "Online Olym Top DivC 2021"]
[Site "chess.com INT"]
[Date "2021.09.11"]
[Round "8.4"]
[Board "4"]
[White "Zhukova, Natalia"]
[Black "Movileanu, Daniela"]
[Result "1-0"]
[WhiteTitle "GM"]
[BlackTitle "WIM"]
[WhiteElo "2331"]
[BlackElo "2239"]
[WhiteTeam "Ukraine"]
[BlackTeam "Italy"]
[WhiteFideId "14101513"]
[BlackFideId "873349"]
[EventDate "2021.09.09"]
[EventType "team"]

1. c4 c5 2. Nf3 Nc6 3. d4 cxd4 4. Nxd4 e5 5. Nc2 Nf6 6. Nc3 Bc5 7. g3 O-O 8. Bg2
d6 9. O-O Be6 10. b3 Qd7 11. Na4 Bd4 12. Nxd4 Nxd4 13. Bb2 Nc6 14. Qd2 Bh3 15.
Rad1 Bxg2 16. Kxg2 Rad8 17. Nc3 Qg4 18. f3 Qg6 19. e4 Nh5 20. Nd5 f5 21. b4 Nf4+
22. Nxf4 exf4 23. b5 Ne7 24. Qxf4 fxe4 25. Qxe4 Nf5 26. Bc1 Rde8 27. Qd5+ Kh8
28. Rf2 Re7 29. Qd3 Nh4+ 30. Kh3 Qe6+ 31. Kxh4 h6 32. g4 Rfe8 33. Kg3 Qe5+ 34.
Bf4 Qf6 35. Qxd6 Re6 36. Qd4 Qf7 37. Bc1 Qc7+ 38. Kg2 a6 39. a4 axb5 40. axb5 b6
41. Bb2 R6e7 42. Qd6 Qxc4 43. Qxh6+ Kg8 44. Qc6 Qb4 45. Qd5+ Kh8 46. Rd4 Qe1 47.
g5 Re2 48. Rh4# 1-0

[Event "Online Olym Top DivC 2021"]
[Site "chess.com INT"]
[Date "2021.09.11"]
[Round "8.4"]
[Board "5"]
[White "Sonis, Francesco"]
[Black "Galperin, Platon"]
[Result "1-0"]
[WhiteTitle "IM"]
[BlackTitle "IM"]
[WhiteElo "2523"]
[BlackElo "2512"]
[WhiteTeam "Italy"]
[BlackTeam "Ukraine"]
[WhiteFideId "895733"]
[BlackFideId "14165414"]
[EventDate "2021.09.09"]
[EventType "team"]

1. d4 Nf6 2. c4 e6 3. g3 c5 4. Nf3 Qa5+ 5. Nc3 Ne4 6. Qd3 Nxc3 7. Bd2 cxd4 8.
Nxd4 Bb4 9. Nb3 Ne4 10. Qxe4 Bxd2+ 11. Nxd2 O-O 12. Bg2 Nc6 13. a3 Rd8 14. Qd3
d5 15. cxd5 b6 16. Rc1 Ba6 17. b4 Qa4 18. Qc3 Ne7 19. dxe6 Rac8 20. exf7+ Kf8
21. Qb2 Rxc1+ 22. Qxc1 Rc8 23. Qa1 Qc2 24. Qd1 Qb2 25. O-O Rd8 26. Nc4 Rxd1 27.
Nxb2 Rd2 28. Nd3 Rxe2 29. Rd1 Kxf7 30. Bf1 Bxd3 31. Rxd3 Ra2 32. Rf3+ Kg6 33.
Bd3+ Kh6 34. Be4 a5 35. bxa5 bxa5 36. h4 g6 37. Rf7 Nf5 38. Bxf5 gxf5 39. Rxf5
Rxa3 40. Kg2 Kg7 41. Kh3 Kg6 42. Kg4 Kg7 43. h5 Ra1 44. f4 a4 45. Ra5 Ra3 46.
Ra7+ Kh6 47. Kh4 Ra1 48. Ra6+ Kg7 49. Kg5 a3 50. Ra7+ Kf8 51. Kf6 Ke8 52. g4 a2
53. g5 Rf1 54. Rxa2 Rxf4+ 55. Kg7 Rf7+ 56. Kg8 Rf5 57. Re2+ Kd7 58. g6 Rxh5 59.
g7 Re5 60. Rxe5 1-0

[Event "Online Olym Top DivC 2021"]
[Site "chess.com INT"]
[Date "2021.09.11"]
[Round "8.4"]
[Board "6"]
[White "Hryzlova, Sofiia"]
[Black "Grimaldi, Angela Flavia"]
[Result "1/2-1/2"]
[WhiteTitle "WCM"]
[BlackTitle "WFM"]
[WhiteElo "2176"]
[BlackElo "2078"]
[WhiteTeam "Ukraine"]
[BlackTeam "Italy"]
[WhiteFideId "14174669"]
[BlackFideId "2805214"]
[EventDate "2021.09.09"]
[EventType "team"]

1. c4 c5 2. Nf3 g6 3. d4 cxd4 4. Nxd4 Nc6 5. e4 Nf6 6. Nc3 d6 7. Be2 Nxd4 8.
Qxd4 Bg7 9. O-O O-O 10. Qd1 Be6 11. Be3 a5 12. f3 Nd7 13. a3 Rc8 14. Qa4 Nc5 15.
Qc2 Nd7 16. b3 a4 17. Rac1 axb3 18. Qxb3 Qa5 19. Nd5 Bxd5 20. cxd5 Nc5 21. Qb4
b6 22. Rb1 Ra8 23. Qxb6 Qxa3 24. Bf2 Qa2 25. Qb5 Ra5 26. Qc4 Qxc4 27. Bxc4 f5
28. Bh4 Bd4+ 29. Kh1 Ra7 30. exf5 Rxf5 31. Rfe1 Re5 32. Rxe5 Bxe5 33. Bf2 Ra5
34. g3 Kf7 35. f4 Bf6 36. Kg2 Ne4 37. Be1 Rc5 38. Be2 Nc3 39. Bxc3 Rxc3 40. Bg4
Rc2+ 41. Kh3 Rd2 42. Be6+ Kg7 43. Rb8 h5 44. Rb3 Rb2 45. Rf3 Rc2 46. Rb3 Rb2 47.
Ra3 Rb8 48. Ra2 Kh7 49. Bf7 Kg7 50. Be6 Kh7 51. Ra7 Kg7 52. Bd7 Rd8 53. Be6 Rb8
54. Ra2 1/2-1/2

[Event "Online Olym Top DivC 2021"]
[Site "chess.com INT"]
[Date "2021.09.11"]
[Round "8.5"]
[Board "1"]
[White "Anton Guijarro, David"]
[Black "Grischuk, Alexander"]
[Result "1/2-1/2"]
[WhiteTitle "GM"]
[BlackTitle "GM"]
[WhiteElo "2651"]
[BlackElo "2775"]
[WhiteTeam "Spain"]
[BlackTeam "Russia"]
[WhiteFideId "2285525"]
[BlackFideId "4126025"]
[EventDate "2021.09.09"]
[EventType "team"]

1. d4 Nf6 2. Nf3 d5 3. e3 c5 4. c4 cxd4 5. exd4 g6 6. c5 Bg7 7. Bb5+ Bd7 8.
Bxd7+ Qxd7 9. O-O Nc6 10. Nc3 Ne4 11. Re1 Nxc3 12. bxc3 b6 13. cxb6 axb6 14. h4
h5 15. Bf4 O-O 16. Ne5 Nxe5 17. Bxe5 Rfc8 18. Bxg7 Kxg7 19. Re3 Ra7 20. Qb3 Rc6
21. Rae1 Qd6 22. Qb1 Rac7 23. Qb3 Ra7 24. Qb1 Rac7 25. Qb3 Ra7 1/2-1/2

[Event "Online Olym Top DivC 2021"]
[Site "chess.com INT"]
[Date "2021.09.11"]
[Round "8.5"]
[Board "2"]
[White "Fedoseev, Vladimir3"]
[Black "Santos Latasa, Jaime"]
[Result "0-1"]
[WhiteTitle "GM"]
[BlackTitle "GM"]
[WhiteElo "2708"]
[BlackElo "2627"]
[WhiteTeam "Russia"]
[BlackTeam "Spain"]
[WhiteFideId "24130737"]
[BlackFideId "2293307"]
[EventDate "2021.09.09"]
[EventType "team"]

1. d4 Nf6 2. c4 e6 3. Nf3 d5 4. Nc3 Bb4 5. cxd5 exd5 6. Bg5 h6 7. Bh4 O-O 8. e3
Bf5 9. Qb3 Bxc3+ 10. bxc3 Nbd7 11. Be2 c5 12. Bxf6 Nxf6 13. dxc5 Qc7 14. Nd4 Be4
15. O-O Nd7 16. c4 Nxc5 17. Qa3 Rfd8 18. Rac1 b6 19. f3 Bg6 20. cxd5 Rxd5 21.
Bc4 Rh5 22. g3 Rd8 23. Rfd1 Re5 24. e4 h5 25. Nb5 Qe7 26. Qxa7 Qf6 27. Be2 h4
28. Rxd8+ Qxd8 29. Rd1 Qf6 30. Qb8+ Kh7 31. Rd8 Bxe4 32. fxe4 Nxe4 33. Nd4 Qf2+
34. Kh1 hxg3 0-1

[Event "Online Olym Top DivC 2021"]
[Site "chess.com INT"]
[Date "2021.09.11"]
[Round "8.5"]
[Board "3"]
[White "Matnadze, Ana"]
[Black "Lagno, Kateryna"]
[Result "1/2-1/2"]
[WhiteTitle "IM"]
[BlackTitle "GM"]
[WhiteElo "2418"]
[BlackElo "2550"]
[WhiteTeam "Spain"]
[BlackTeam "Russia"]
[WhiteFideId "13601377"]
[BlackFideId "14109336"]
[EventDate "2021.09.09"]
[EventType "team"]

1. d4 Nf6 2. Nf3 g6 3. g3 Bg7 4. Bg2 d5 5. O-O O-O 6. c4 dxc4 7. Na3 c5 8. Nxc4
Be6 9. Nce5 cxd4 10. Qxd4 Qxd4 11. Nxd4 Bd5 12. Nb5 Bxg2 13. Kxg2 Nbd7 14. Bf4
a6 15. Nc3 Nb6 16. Rfd1 Rac8 17. Rac1 Nh5 18. Be3 Bxe5 19. Bxb6 Nf6 20. Bd4 Bxd4
21. Rxd4 Rfd8 22. Rcd1 Rxd4 23. Rxd4 Kf8 24. e4 Ke8 25. Rb4 b5 26. a4 Rc4 27.
Rxc4 bxc4 28. Kf3 e5 29. Nb1 Nd7 30. Nd2 Nc5 31. a5 Kd7 32. Nxc4 f6 33. Ke3 Kc6
34. Nb6 Kb5 35. Nd5 f5 36. f3 fxe4 37. fxe4 Nb3 38. Nf6 Nxa5 39. Kd3 h5 40. Nd7
Nc6 41. Nf8 Ne7 42. Nd7 Nc6 43. Kc3 a5 44. b3 g5 45. h4 gxh4 46. gxh4 Ne7 47.
Nxe5 Kc5 48. Nd3+ Kd6 49. Nf4 Ke5 50. Nxh5 Ng6 51. Kc4 Nxh4 52. Ng3 Nf3 53. Kb5
Nd4+ 54. Ka4 Kf4 55. Nf5 Nxb3 56. Kxb3 Kxe4 57. Nd6+ Kd5 58. Nb5 a4+ 59. Kxa4 1/2-1/2

[Event "Online Olym Top DivC 2021"]
[Site "chess.com INT"]
[Date "2021.09.11"]
[Round "8.5"]
[Board "4"]
[White "Gunina, Valentina"]
[Black "Garcia Martin, Marta"]
[Result "1-0"]
[WhiteTitle "GM"]
[BlackTitle "IM"]
[WhiteElo "2446"]
[BlackElo "2308"]
[WhiteTeam "Russia"]
[BlackTeam "Spain"]
[WhiteFideId "4167570"]
[BlackFideId "32084030"]
[EventDate "2021.09.09"]
[EventType "team"]

1. e4 e5 2. Nf3 Nc6 3. Bb5 a6 4. Ba4 Nf6 5. O-O Be7 6. Re1 b5 7. Bb3 d6 8. a4
Bd7 9. c3 O-O 10. d4 h6 11. Nbd2 Re8 12. Nf1 Bf8 13. Ng3 Na5 14. Bc2 c5 15. d5
c4 16. h3 Qc7 17. Be3 Reb8 18. axb5 axb5 19. Nh4 b4 20. cxb4 Rxb4 21. Ra2 Rab8
22. Bd2 R4b5 23. Nhf5 Nb3 24. Bc3 R5b7 25. Ne3 Bb5 26. Rf1 Nd7 27. Ng4 Ra7 28.
Rxa7 Qxa7 29. Qf3 Nd4 30. Qe3 Qb6 31. Bd1 Ra8 32. Kh2 Ra1 33. f4 Qc7 34. Qf2 Nc5
35. fxe5 dxe5 36. Nxe5 Qxe5 37. Qxf7+ Kh7 38. Bxd4 Qxd4 39. Qf5+ g6 40. Qxf8 Ra7
41. Bg4 Nxe4 42. Rf7+ Rxf7 43. Qxf7+ Kh8 44. Qf8+ Kh7 45. Qe7+ 1-0

[Event "Online Olym Top DivC 2021"]
[Site "chess.com INT"]
[Date "2021.09.11"]
[Round "8.5"]
[Board "5"]
[White "Henderson de La Fuente, Lance"]
[Black "Esipenko, Andrey"]
[Result "0-1"]
[WhiteTitle "GM"]
[BlackTitle "GM"]
[WhiteElo "2491"]
[BlackElo "2720"]
[WhiteTeam "Spain"]
[BlackTeam "Russia"]
[WhiteFideId "32096585"]
[BlackFideId "24175439"]
[EventDate "2021.09.09"]
[EventType "team"]

1. d4 Nf6 2. Nf3 d5 3. g3 e6 4. c4 Bb4+ 5. Bd2 Be7 6. Bg2 O-O 7. O-O Nbd7 8. Qc2
c6 9. Bg5 b6 10. Nbd2 Bb7 11. Rac1 c5 12. dxc5 Nxc5 13. Rfd1 Qe8 14. Nd4 Rc8 15.
Qb1 h6 16. Bxf6 Bxf6 17. Nb5 Rd8 18. b4 Na4 19. Nxa7 Nc3 20. Rxc3 Bxc3 21. Nb5
Bxd2 22. Rxd2 dxc4 23. Rxd8 Qxd8 24. Bxb7 Qd7 25. Na3 Qxb7 26. Nxc4 Qd5 27. Qb3
Rc8 0-1

[Event "Online Olym Top DivC 2021"]
[Site "chess.com INT"]
[Date "2021.09.11"]
[Round "8.5"]
[Board "6"]
[White "Garifullina, Leya"]
[Black "Eizaguerri Floris, Maria"]
[Result "1-0"]
[WhiteTitle "WGM"]
[BlackTitle "FM"]
[WhiteElo "2409"]
[BlackElo "2328"]
[WhiteTeam "Russia"]
[BlackTeam "Spain"]
[WhiteFideId "34127035"]
[BlackFideId "32065752"]
[EventDate "2021.09.09"]
[EventType "team"]

1. e4 c5 2. Nf3 d6 3. d4 cxd4 4. Nxd4 Nf6 5. Nc3 a6 6. h3 b5 7. g4 Bb7 8. Bg2
Nc6 9. a4 b4 10. Nd5 e6 11. Nxf6+ Qxf6 12. Nxc6 Bxc6 13. O-O Qe7 14. a5 Qb7 15.
Qd4 e5 16. Qe3 Bb5 17. Rd1 Rc8 18. Bd2 Rxc2 19. Bxb4 Re2 20. Qb6 Qxb6 21. axb6
Kd7 22. Rdc1 Be7 23. Bf1 Rxe4 24. Bxb5+ axb5 25. Ra7+ Ke6 26. b7 Rb8 27. Ba5 Ra4
28. b4 d5 29. Rc8 Bd6 30. Rxb8 Bxb8 31. Ra8 Bd6 32. Rd8 Ra1+ 33. Kg2 e4 34.
Rxd6+ Kxd6 35. b8=Q+ 1-0

[Event "Online Olym Top DivC 2021"]
[Site "chess.com INT"]
[Date "2021.09.11"]
[Round "9.1"]
[Board "1"]
[White "Grischuk, Alexander"]
[Black "Mustaps, Matiss"]
[Result "1-0"]
[WhiteTitle "GM"]
[BlackTitle "FM"]
[WhiteElo "2775"]
[BlackElo "2356"]
[WhiteTeam "Russia"]
[BlackTeam "Latvia"]
[WhiteFideId "4126025"]
[BlackFideId "11602295"]
[EventDate "2021.09.09"]
[EventType "team"]

1. e4 c5 2. Nf3 d6 3. Bb5+ Bd7 4. c4 g6 5. Nc3 Bg7 6. d4 cxd4 7. Nxd4 Nc6 8. Be3
Nf6 9. h3 O-O 10. O-O Nxd4 11. Bxd4 Bxb5 12. cxb5 a6 13. Qe2 axb5 14. Nxb5 Nd7
15. Bxg7 Kxg7 16. Rfc1 Rc8 17. b4 Qb6 18. a4 Kg8 19. a5 Qa6 20. Nd4 Ne5 21. Rxc8
Rxc8 22. Qxa6 bxa6 23. b5 axb5 24. Nxb5 Nd7 25. a6 Nb6 26. a7 Kg7 27. f3 g5 28.
Nd4 Kf6 29. Rb1 Nd7 30. Rb7 Ke5 31. Nc6+ 1-0

[Event "Online Olym Top DivC 2021"]
[Site "chess.com INT"]
[Date "2021.09.11"]
[Round "9.1"]
[Board "2"]
[White "Lavendelis, Egons"]
[Black "Fedoseev, Vladimir3"]
[Result "0-1"]
[WhiteTitle "FM"]
[BlackTitle "GM"]
[WhiteElo "2304"]
[BlackElo "2708"]
[WhiteTeam "Latvia"]
[BlackTeam "Russia"]
[WhiteFideId "11601647"]
[BlackFideId "24130737"]
[EventDate "2021.09.09"]
[EventType "team"]

1. e4 c6 2. d4 d5 3. Nc3 dxe4 4. Nxe4 Bf5 5. Nc5 b6 6. Nb3 Nf6 7. Bd3 Bg4 8. Ne2
e6 9. O-O Bd6 10. c4 Nbd7 11. Qc2 Qc7 12. h3 Bh5 13. c5 bxc5 14. dxc5 Be7 15.
Bf4 e5 16. Bg3 O-O 17. Ned4 Rfe8 18. Nf5 Bf8 19. Rfe1 a5 20. a4 Rab8 21. Nd6
Red8 22. Bxe5 Nxe5 23. Rxe5 Bxd6 24. cxd6 Qxd6 25. Re3 Nd5 26. Rg3 Nb4 27. Bxh7+
Kh8 28. Qc3 f6 29. Be4 Re8 30. Bf3 Re5 31. Nd2 Nd5 32. Qxa5 Qe7 33. Nc4 Rf5 34.
Bxd5 cxd5 35. Ne3 Re5 36. Nxd5 Qb7 37. Qc7 Rxd5 38. Rxg7 Qxc7 39. Rxc7 Ra5 40.
g4 Bg6 41. Kg2 Rxb2 42. Rd1 Be4+ 43. Kg3 Rb3+ 44. Kh4 Rd5 45. Rxd5 Bxd5 46. g5
fxg5+ 47. Kxg5 Rxh3 48. f4 Ra3 49. Ra7 Be4 50. a5 Rf3 51. Re7 Bd5 52. a6 Ra3 53.
a7 Ra6 54. Rd7 Bh1 55. f5 Kg8 56. f6 Kf8 57. Re7 Bd5 58. Kg6 Ra2 59. Kf5 Ra6 60.
Kg6 Ra5 61. Kh6 Bf3 62. Kg6 Bh5+ 63. Kh6 Be8 64. Re5 Rxe5 65. a8=Q Rh5# 0-1

[Event "Online Olym Top DivC 2021"]
[Site "chess.com INT"]
[Date "2021.09.11"]
[Round "9.1"]
[Board "3"]
[White "Lagno, Kateryna"]
[Black "Rogule, Laura"]
[Result "1-0"]
[WhiteTitle "GM"]
[BlackTitle "WGM"]
[WhiteElo "2550"]
[BlackElo "2286"]
[WhiteTeam "Russia"]
[BlackTeam "Latvia"]
[WhiteFideId "14109336"]
[BlackFideId "11601876"]
[EventDate "2021.09.09"]
[EventType "team"]

1. e4 c5 2. Nf3 d6 3. Bb5+ Nd7 4. Ba4 Nf6 5. O-O e5 6. Re1 Be7 7. c3 O-O 8. d4
Rb8 9. Bc2 b5 10. Nbd2 a5 11. Nf1 b4 12. Ng3 bxc3 13. bxc3 g6 14. Bb3 Qc7 15.
Bh6 Re8 16. dxe5 Nxe5 17. Nxe5 dxe5 18. Bc4 Rd8 19. Qe2 a4 20. h3 Ne8 21. Rab1
Nd6 22. Bd5 c4 23. Rxb8 Qxb8 24. f4 Bf6 25. Qf3 Bb7 26. f5 Bh8 27. Rb1 Qc7 28.
f6 Bxd5 29. exd5 e4 30. Qf2 Re8 31. Re1 Qb7 32. Qd4 Qb2 33. Bf4 Nb5 34. Qxc4
Nxc3 35. Qc6 Rd8 36. Bc7 Rf8 37. Ba5 Nb5 38. Nxe4 Nd4 39. Qc4 Nf5 40. Bc3 Qb6+
41. Qc5 Qb7 42. Nd6 Nxd6 43. Qxd6 Qa7+ 44. Kh1 Qf2 45. Qxf8+ Kxf8 46. Bb4+ Kg8
47. Re8# 1-0

[Event "Online Olym Top DivC 2021"]
[Site "chess.com INT"]
[Date "2021.09.11"]
[Round "9.1"]
[Board "4"]
[White "Vidruska, Renate"]
[Black "Gunina, Valentina"]
[Result "0-1"]
[WhiteTitle "WFM"]
[BlackTitle "GM"]
[WhiteElo "2000"]
[BlackElo "2446"]
[WhiteTeam "Latvia"]
[BlackTeam "Russia"]
[WhiteFideId "11601841"]
[BlackFideId "4167570"]
[EventDate "2021.09.09"]
[EventType "team"]

1. e4 c6 2. d4 d5 3. Nc3 dxe4 4. Nxe4 Nf6 5. Nxf6+ exf6 6. c3 Bd6 7. Bd3 O-O 8.
Qc2 Re8+ 9. Ne2 h5 10. h3 Nd7 11. O-O h4 12. Be3 Nf8 13. c4 Bd7 14. a3 Rc8 15.
b4 Bb8 16. Qd2 Qc7 17. g3 Bxh3 18. Rfe1 Qd7 19. Nf4 Bf5 20. Qc2 Bxd3 21. Qxd3
Qg4 22. Qd1 Qf5 23. Qh5 Qxh5 24. Nxh5 hxg3 25. fxg3 Rcd8 26. Kf2 Ne6 27. Rad1 a6
28. a4 Bd6 29. d5 cxd5 30. Rxd5 Bxb4 31. Rb1 a5 32. Rb5 Rd3 33. Bf4 Nd4 34. Rxb7
Re2+ 35. Kf1 Rf3+ 36. Kg1 Rff2 37. Rb8+ Kh7 38. Be3 Nf3+ 39. Kh1 Rh2# 0-1

[Event "Online Olym Top DivC 2021"]
[Site "chess.com INT"]
[Date "2021.09.11"]
[Round "9.1"]
[Board "5"]
[White "Murzin, Volodar"]
[Black "Golubovskis, Maksims"]
[Result "1-0"]
[WhiteTitle "IM"]
[BlackTitle "FM"]
[WhiteElo "2513"]
[BlackElo "2210"]
[WhiteTeam "Russia"]
[BlackTeam "Latvia"]
[WhiteFideId "44155573"]
[BlackFideId "11608528"]
[EventDate "2021.09.09"]
[EventType "team"]

1. e4 c5 2. Nc3 d6 3. d4 cxd4 4. Qxd4 Nc6 5. Qd2 g6 6. b3 Bh6 7. f4 Nf6 8. Bb2
Be6 9. O-O-O Qa5 10. Nf3 O-O 11. Kb1 Qc7 12. Nd5 Bxd5 13. exd5 Nb8 14. Re1 a5
15. a4 Na6 16. Bxa6 Rxa6 17. Re2 Re8 18. Bxf6 e6 19. dxe6 fxe6 20. Bb2 Qf7 21.
Qd4 e5 22. fxe5 dxe5 23. Rxe5 Rc8 24. Rc5 1-0

[Event "Online Olym Top DivC 2021"]
[Site "chess.com INT"]
[Date "2021.09.11"]
[Round "9.1"]
[Board "6"]
[White "Golsta, Madara"]
[Black "Garifullina, Leya"]
[Result "0-1"]
[BlackTitle "WGM"]
[WhiteElo "1967"]
[BlackElo "2409"]
[WhiteTeam "Latvia"]
[BlackTeam "Russia"]
[WhiteFideId "11607386"]
[BlackFideId "34127035"]
[EventDate "2021.09.09"]
[EventType "team"]

1. e4 c5 2. Nf3 d6 3. d4 cxd4 4. Nxd4 Nf6 5. Nc3 a6 6. Be2 e5 7. Nb3 Be7 8. Bg5
Be6 9. Qd3 Nbd7 10. O-O-O Rc8 11. Kb1 b5 12. Bxf6 Nxf6 13. Nd5 Bxd5 14. exd5 O-O
15. c3 Qb6 16. f3 Rb8 17. g4 a5 18. h4 Nd7 19. g5 a4 20. Nc1 Nc5 21. Qf5 a3 22.
b3 Qc7 23. Qc2 Na4 24. bxa4 bxa4+ 25. Nb3 Qb6 26. Bd3 axb3 27. axb3 Qxb3+ 28.
Kc1 Rfc8 29. Kd2 Qxc2+ 30. Bxc2 Rb5 31. Be4 Rbc5 32. Rc1 g6 33. Rc2 f5 34. gxf6
Bxf6 35. h5 Bg5+ 36. Kd3 gxh5 37. Rxh5 h6 38. Rh1 Rb8 39. c4 Rb3+ 40. Ke2 Kg7
41. Ra1 Kf6 42. Rca2 Rb2+ 43. Kd3 Rxa2 44. Rxa2 Bc1 45. Rg2 Ra5 46. Ra2 Bb2 47.
Ke2 Rc5 48. Bd3 Kg5 49. Kf2 Kf4 50. Bf1 h5 51. Bd3 h4 52. Bf1 Rc8 53. Kg2 Ke3
54. Kh3 Kxf3 55. Kxh4 Kf2 56. Bd3 Ke3 57. Bf1 Rf8 0-1

[Event "Online Olym Top DivC 2021"]
[Site "chess.com INT"]
[Date "2021.09.11"]
[Round "9.2"]
[Board "1"]
[White "Ivanchuk, Vasyl"]
[Black "Anton Guijarro, David"]
[Result "1/2-1/2"]
[WhiteTitle "GM"]
[BlackTitle "GM"]
[WhiteElo "2678"]
[BlackElo "2651"]
[WhiteTeam "Ukraine"]
[BlackTeam "Spain"]
[WhiteFideId "14100010"]
[BlackFideId "2285525"]
[EventDate "2021.09.09"]
[EventType "team"]

1. e4 c6 2. d4 d5 3. Nc3 dxe4 4. Nxe4 Nf6 5. Nxf6+ exf6 6. Bc4 Bd6 7. Qe2+ Be7
8. Nf3 O-O 9. O-O Bd6 10. Re1 Na6 11. Nh4 Nc7 12. Qd3 Re8 13. Bd2 Be6 14. Re2
Qd7 15. Rae1 1/2-1/2